Tổng quan văn hóa truyền thống các dân tộc Việt Nam
Trình bày khái quát về dân số, lịch sử địn cư, kinh tế và văn hóa truyền thống của các nhóm dân tộc La Chí, La Ha, La Hủ, Lào, Lô Lô, Mnông, Mường, Ngái, Nùng, Sán Chay, Xơ Đăng, Xinh Mun,..
Tallennettuna:
| Päätekijä: | |
|---|---|
| Aineistotyyppi: | Kirja |
| Kieli: | Undetermined |
| Julkaistu: |
Hà Nội
Văn hóa Thông tin
2013
|
| Aiheet: | |
| Tagit: |
Lisää tagi
Ei tageja, Lisää ensimmäinen tagi!
|
| Thư viện lưu trữ: | Trung tâm Học liệu Trường Đại học Cần Thơ |
|---|
| LEADER | 00881nam a2200205Ia 4500 | ||
|---|---|---|---|
| 001 | CTU_187423 | ||
| 008 | 210402s9999 xx 000 0 und d | ||
| 082 | |a 398.09597 | ||
| 082 | |b N104/Q.2 | ||
| 100 | |a Hoàng, Nam | ||
| 245 | 0 | |a Tổng quan văn hóa truyền thống các dân tộc Việt Nam | |
| 245 | 0 | |c Hoàng Nam | |
| 260 | |a Hà Nội | ||
| 260 | |b Văn hóa Thông tin | ||
| 260 | |c 2013 | ||
| 520 | |a Trình bày khái quát về dân số, lịch sử địn cư, kinh tế và văn hóa truyền thống của các nhóm dân tộc La Chí, La Ha, La Hủ, Lào, Lô Lô, Mnông, Mường, Ngái, Nùng, Sán Chay, Xơ Đăng, Xinh Mun,.. | ||
| 650 | |a Folklore,Văn hóa dân gian | ||
| 650 | |z Vietnam,Việt Nam | ||
| 910 | |a Hải | ||
| 980 | |a Trung tâm Học liệu Trường Đại học Cần Thơ | ||